| Record ID | ia:contraceptionabo0000ridd |
| Source | Internet Archive |
| Download MARC XML | https://archive.org/download/contraceptionabo0000ridd/contraceptionabo0000ridd_marc.xml |
| Download MARC binary | https://www.archive.org/download/contraceptionabo0000ridd/contraceptionabo0000ridd_meta.mrc |
LEADER: 00967cam a22002177a 4500
001 07cb591f9bab4fb7a8de17e9f6729944
003 UK-BiTAL
005 20050705133920.0
008 940504s1992 enka | 000 ||eng|d
020 $a0674168763$c£13.95
035 $a()0674168763
040 $dUK-BiTAL
082 04 $a363.960901$220
100 1 $aRiddle, John M.
245 00 $aContraception and Abortion from the Ancient World to the Renaissance.
260 $aCambridge, Mass. :$bHarvard U.P.,$c1992.
300 $ax, 245p. :$bill. ;$c15.5 x 23.3 cm.
504 $aIncludes bibliography: p211-235. - and index.
520 $aThis text traces the history of contraception and abortifacients from ancient Egypt to the 17th century, and discusses the scientific merit of the ancient remedies and why this knowledge about fertility control was gradually lost over the course of the Middle Ages.
521 $aUndergraduate Professional & Scholarly.
653 $aJBL: Population & demography